| 000 | 00794nam a2200193 a 4500 | ||
|---|---|---|---|
| 001 | 000031717 | ||
| 005 | 20200930063128.0 | ||
| 008 | 110630s1983 dr 000 0 spa d | ||
| 040 |
_aDO-SdBNP _bspa _cBNPHU |
||
| 082 |
_axxxx _bA815 |
||
| 100 | 1 |
_aAscuasiati de Alfau, Carmen _925870 |
|
| 245 | 1 | 0 |
_aNuevos parasitismos, addenda al catálogo de parasitos de República Dominicana ll / _cCarmen Ascuasiati de Alfau, Carmen Paredes de Mejía, Aracelis Germán de Pérez. |
| 260 |
_aSanto domingo : _bUniversidad Autónoma de Santo Domingo, Departamento de Microbiología y Parasitología, _c1983. |
||
| 300 |
_a14 p.. ; _c21 cm. |
||
| 490 | 1 |
_aParasitología _v5 |
|
| 700 | 1 |
_aParedes de Mejía, Carmen _925874 |
|
| 700 | 1 |
_aGerman de Pérez, Aracelis _957118 |
|
| 830 | 0 |
_aParasitología _v5 _957981 |
|
| 999 |
_c31209 _d31209 |
||